Manual del empleo pb︢lico

Detalles Bibliográficos
Autor principal: Palomar Olmeda, Alberto
Formato: Desconocido
Lenguaje:español
Publicado: [Barcelona] : vLex, 2003
Materias:
Acceso en línea:Acceso restringido

MARC

LEADER 00000ny a22000003n 4500
005 20110527131245.0
008 080701s2003 sp s 000 0 spa c
035 |a 441 
040 |a UMA.RE  |d vLex 
080 |a 35.08(0.034) 
090 |c 321  |d 321 
100 1 |a Palomar Olmeda, Alberto 
245 1 0 |a Manual del empleo pb︢lico  |h [Recurso electrn̤ico]  |c Alberto Palomar Olmeda 
256 |a Servicio en ln̕ea 
260 |a [Barcelona] :  |b vLex,  |c 2003 
506 1 |a Contenido solo disponible en los productos indicados  |d vLex Global  |d vLex Global (Academic Edition, excluding Law Schools)  |d vLex Global (U.S. Academic Edition, Law Schools)  |d vLex Global (U.S. Academic Edition, excluding Law Schools)  |d vLex Global (Academic Edition, Law Schools) 
650 0 7 |a Funcin̤ pb︢lica  |2 Tesauro vLex 
650 0 7 |a Administrativo  |2 Tesauro vLex 
650 0 7 |a Actividad administrativa  |2 Tesauro vLex 
650 0 7 |a Acto administrativo  |2 Tesauro vLex 
650 0 7 |a Funcin̤ publica  |2 Tesauro vLex 
740 0 |a vLex Libros (Servicios en ln̕ea) 
856 4 0 |u http://vlex.com/source/441  |z Acceso restringido 
942 |c BOOK 
999 0 |a Administrative law  |b Barcelona